| 000 | 00573nam a22001937a 4500 | ||
|---|---|---|---|
| 999 |
_c6747 _d6747 |
||
| 003 | AR-CdUCM | ||
| 008 | 190319b ||||| |||| 00| 0 spa d | ||
| 040 |
_aMUNICIPALIDAD PROVINCIAL DEL CUSCO _cBIBLIOTECA MUNICIPAL DEL CUSCO |
||
| 082 |
_a082 / _bC562 |
||
| 100 |
_aChocano, José Santos _911262 |
||
| 245 | _aAntología poética / | ||
| 260 |
_aLima : _bUniverso, _c1972. |
||
| 300 |
_a183 páginas ; _c17 cm. |
||
| 440 |
_aColección autores peruanos _n32 _918995 |
||
| 650 |
_aPoesías peruanas _91481 |
||
| 650 |
_aSiglo XX _98 |
||
| 942 |
_2ddc _cLIBROS |
||
| 945 | _aafb | ||